| 000 | 00558nam a2200181Ia 4500 | ||
|---|---|---|---|
| 005 | 20250423094424.0 | ||
| 008 | 250422s9999 xx 000 0 und d | ||
| 020 | _a9781032260730 | ||
| 050 | _aQR 185.2 .I58/ | ||
| 100 | _aEdited by Singh, Indrakant K. | ||
| 245 | 3 | _aAn interplay of cellular and molecular components of immunology | |
| 260 | _aBoca Raton | ||
| 260 | _bCRC Press | ||
| 260 | _c2023 | ||
| 300 | _axxxiii, 341p.: ill. | ||
| 650 | _aImmune System Phenomena--physiology Immune System Diseases--physiopathology Autoimmunity | ||
| 942 | _cBK | ||
| 999 |
_c27189 _d27189 |
||